| 000 | 00634nam a2200241Ia 4500 | ||
|---|---|---|---|
| 003 | OSt | ||
| 005 | 20221007071624.0 | ||
| 006 | a|||||r|||| 00| 0 | ||
| 007 | ta | ||
| 008 | 221006b |||||||| |||| 00| 0 eng d | ||
| 020 | _a0715377000 | ||
| 024 | _a15,168 | ||
| 037 | _cTextual | ||
| 040 |
_aFLL _cFLL _beng |
||
| 041 |
_2eng _aeng |
||
| 082 | _aX:95:Z3, L9 | ||
| 100 |
_aHunt Dennis D. _9400497 |
||
| 245 | 0 | _aEmployment & dismissal without fear | |
| 260 |
_aLondon _bDavid & Charles London _c1979 |
||
| 300 |
_a126p _ccm. |
||
| 942 |
_hX:95:Z3, L9 _cTEXL _2CC |
||
| 999 |
_c1143814 _d1143814 |
||